| 000 | 00887nam a2200217Ii 4500 | ||
|---|---|---|---|
| 003 | JO-AjNU | ||
| 008 | 230605s9999||||xx |||||||||||||| ||und|| | ||
| 017 | _a1996/3/432 | ||
| 040 |
_aJO-AjNU _bara _erda _cJO-AjNU |
||
| 041 | _aara | ||
| 050 | 1 | 4 | _aJF1358.Q27.1996 |
| 100 | 3 |
_aالفريوتي ، محمد قاسم , _eauthor _913054 |
|
| 245 | 0 | 0 | _aالادارة اليابانية : نموذج ناجح للقدرةعلى المواءمة بين النظام الإداري والقيم الاجتماعية السائدة مع إشارة للإدارة العربية |
| 250 | _aط1 | ||
| 264 | 3 | 1 | _aعمان ، دار البشير ، 1996 |
| 300 | _a116ص | ||
| 336 |
_atext _btxt _2rdacontent |
||
| 337 |
_aunmediated _bn _2rdamedia |
||
| 338 |
_avolume _bnc _2rdacarrier |
||
| 650 | 4 |
_aالعلوم الاجتماعية -- الإدارة العامة -- اليابان _913055 |
|
| 999 |
_aA3149 _c6717 _d6717 |
||